000 00629cam a2200217 a 4500
001 1479074
005 20180105051604.0
008 871130s1988 nyuaf 001 0 eng
010 _a 87032384
020 _a039436483X (instructor's ed.)
020 _a0394364856 (student text)
040 _aDLC
_cDLC
_dDLC
041 _aeng
080 _a468.2421 BOY
082 0 0 _a468.2421 BOY
_219
100 1 _a46
101 _aEDU
245 1 0 _aEn directo! :
_cPatricia Boylan, Dorothy Rissel, John A. Lett Jr.
906 _a7
_bcbc
_corignew
_d1
_eocip
_f19
_gy-gencatlg
942 _2ddc
_cBK
999 _c39804
_d39804